Diagnostikovanie vplyvných pozorovaní

Enregistré dans:
Détails bibliographiques
Auteur principal: Šoltés, Erik, 1974-
Autres auteurs: Šoltésová, Tatiana, 1975-
Format: Chapitre de livre
Langue:slovaque
Sujets:
Tags: Ajouter un tag
Pas de tags, Soyez le premier à ajouter un tag!

MARC

LEADER 00000naa$a2200000$$$4500
001 0108671
005 20240502072211.3
041 0 |a slo 
044 |a SK 
245 1 0 |a Diagnostikovanie vplyvných pozorovaní  |c Erik Šoltés, Tatiana Šoltésová 
500 |a Abstrakt 
610 2 0 |a štatistika 
610 2 0 |a metódy štatistické 
610 2 0 |a modely regresné 
610 2 0 |a analýzy 
100 1 |a Šoltés, Erik, 1974- 
700 1 |a Šoltésová, Tatiana, 1975-